| Tag |
First Indicator |
Second Indicator |
Subfields |
| LEADER |
00000cam a22000008a 4500 |
| 001 |
in00002398821 |
| 005 |
20151109072732.0 |
| 008 |
071215s2008 enk 000 f eng |
| 015 |
|
|
|a GBA879180
|2 bnb
|
| 016 |
7 |
|
|a 014648226
|2 Uk
|
| 020 |
|
|
|a 9780955233937 (pbk.)
|
| 020 |
|
|
|a 0955233933 (pbk.)
|
| 035 |
|
|
|a (OCoLC)ocn184828719
|
| 035 |
|
|
|a (OCoLC)184828719
|
| 040 |
|
|
|a UKM
|c UKM
|d BTCTA
|d BAKER
|d YDXCP
|d TXA
|d UtOrBLW
|
| 041 |
1 |
|
|a eng
|h spa
|
| 049 |
|
|
|a TXAM
|
| 082 |
0 |
4 |
|a 863.64
|2 22
|
| 090 |
|
|
|a PQ7489.2.N88
|b C33 2007
|
| 100 |
1 |
|
|a Núñez Olivas, Oscar,
|d 1955-
|
| 245 |
1 |
0 |
|a Cadence of the moon /
|c by Oscar Núñez Olivas.
|
| 264 |
|
1 |
|a Laverstock :
|b Aflame,
|c 2008.
|
| 300 |
|
|
|a 273 pages ;
|c 22 cm.
|
| 336 |
|
|
|a text
|b txt
|2 rdacontent
|
| 337 |
|
|
|a unmediated
|b n
|2 rdamedia
|
| 338 |
|
|
|a volume
|b nc
|2 rdacarrier
|
| 546 |
|
|
|a Translated from the Spanish.
|
| 650 |
|
0 |
|a Serial murders
|z Costa Rica
|v Fiction.
|
| 650 |
|
0 |
|a Journalists
|x Professional ethics
|z Costa Rica
|v Fiction.
|
| 938 |
|
|
|a Baker and Taylor
|b BTCP
|n BK0007559328
|
| 938 |
|
|
|a Baker & Taylor
|b BKTY
|c 15.95
|d 15.95
|i 0955233933
|n 0007559328
|s active
|
| 938 |
|
|
|a YBP Library Services
|b YANK
|n 2786712
|
| 945 |
|
|
|a PromptCat
|b 442836
|
| 946 |
|
|
|a stk
|
| 947 |
|
|
|a A14836807754
|
| 948 |
|
|
|a cataloged
|b h
|c 2008/7/2
|d c
|e jgreene
|f 12:28:03 pm
|
| 994 |
|
|
|a C0
|b TXA
|
| 999 |
|
|
|a MARS
|
| 999 |
f |
f |
|s 6547055c-b331-3363-a806-83b70ef63b1e
|i 0791b79e-25b6-3223-95f8-2cb039fb3f70
|t 0
|
| 952 |
f |
f |
|p normal
|a Texas A&M University
|b College Station
|c Sterling C. Evans Library
|d Evans: Library Stacks
|t 0
|e PQ7489.2.N88 C33 2007
|h Library of Congress classification
|i unmediated -- volume
|m A14836807754
|
| 998 |
f |
f |
|a PQ7489.2.N88 C33 2007
|t 0
|l Evans: Library Stacks
|